| 000 | 01644cam a22004337a 4500 | ||
|---|---|---|---|
| 001 | 14402576 | ||
| 005 | 20081015075427.0 | ||
| 008 | 060606s2005 cc a | 001 0 eng | ||
| 010 | _a 2006530121 | ||
| 015 |
_aGBA529040 _2bnb |
||
| 016 | 7 |
_a013170235 _2Uk |
|
| 020 | _a0596007957 (pbk.) | ||
| 020 | _a9780596007959 | ||
| 035 | _a(OCoLC)ocm58999170 | ||
| 040 |
_aUKM _cUKM _dCUS _dTEF _dBAKER _dNLGGC _dDLC |
||
| 042 | _alccopycat | ||
| 050 | 0 | 0 |
_aQA76.9.O35 _bP54 2005 |
| 082 | 0 | 0 |
_a006.7 _222 _bPIL |
| 084 |
_a54.52 _2bcl |
||
| 100 | 1 |
_aPilone, Dan. _927856 |
|
| 245 | 1 | 0 |
_aUML 2.0 in a Nutshell / _cDan Pilone with Neil Pitman. |
| 246 | 3 | 0 | _aUML 2.0 |
| 246 | 1 |
_iSubtitle on cover: _aDesktop quick reference |
|
| 246 | 3 | _aUniversal Modeling Language two point zero in a nutshell | |
| 250 | _a1st ed. | ||
| 260 |
_aBeijing ; _aSebastopol, CA : _bO'Reilly Media, _c2005. |
||
| 300 |
_axv, 222 p. : _bill. ; _c23 cm. |
||
| 500 | _aIncludes index. | ||
| 650 | 0 |
_aUML (Computer science) _927857 |
|
| 650 | 0 |
_aObject-oriented programming (Computer science) _927858 |
|
| 653 |
_bCS _cNovember2011 |
||
| 700 | 1 |
_aPitman, Neil. _927859 |
|
| 856 | 4 | 1 |
_3Table of contents only _uhttp://www.loc.gov/catdir/toc/fy0608/2006530121.html |
| 856 | 4 | 2 |
_3Publisher description _uhttp://www.loc.gov/catdir/enhancements/fy0715/2006530121-d.html |
| 906 |
_a7 _bcbc _ccopycat _d2 _encip _f20 _gy-gencatlg |
||
| 942 |
_2ddc _cBB |
||
| 999 |
_c16252 _d16252 |
||